000
00311nam a22001337a 4500
008
170809b xxu||||| |||| 00| 0 eng d
020
_a
9780078825835
041
_a
eng
080
_a
004
100
_a
35
101
_a
SHKI
245
_a
THE COMPLETE REFERENCE VISUAL STUDIO 6
_c
MUELLER, J.P
942
_2
udc
_c
BK
999
_c
23053
_d
23053